mysqli: Table './ulib62015/stat_globaluid' is marked as crashed and should be repaired
select id from stat_globaluid where statuid='20260517205432_746'
mysqli: Table './ulib62015/stat_globaluid' is marked as crashed and should be repaired
DELETE FROM stat_globaluid
WHERE id NOT IN (
SELECT id
FROM (
SELECT id
FROM stat_globaluid
ORDER BY id DESC
LIMIT 100
) foo
);
mysqli: Table './ulib62015/stat_globaluid' is marked as crashed and should be repaired
insert into stat_globaluid set
statuid='20260517205432_746',
dt='1779026072',
phpself='/ULIB62015/dublinfull.php',
agent='Mozilla/5.0 AppleWebKit/537.36 (KHTML, like Gecko; compatible; ClaudeBot/1.0; +claudebot@anthropic.com)',
yea='2026',
mon='5',
dat='17',
ip='216.73.216.45'
mysqli: Table './ulib62015/stathist_viewbib_bib_type' is marked as crashed and should be repaired
insert into stathist_viewbib_bib_type set
dat='17' ,
mon='05' ,
yea='2026' ,
statuid='20260517205432_746' ,
head='13399122542' ,
foot='marc' ,
dt='1779026072'
| LEADER : 00000nam 2200000uu 4500 |
| 001 13399122542 |
| 003 ULIB |
| 008 191224s2560||||th 000 0 tha d |
| 020 ^a9786164408821
|
| 050 04 ^aQA276^bส657ส 2560
|
| 100 0 ^aสายชล สินสมบูรณ์ทอง
|
| 245 10 ^aสถิติเบื้องต้น =^bElementary statistics /^cสายชล สินสมบูรณ์ทอง
|
| 246 31 ^aElementary statistics
|
| 250 ^aพิมพ์ครั้งที่ 11
|
| 260 ^aกรุงเทพฯ :^bจามจุรีโปรดักส์,^c2560.
|
| 300 ^a454 หน้า :^bภาพประกอบ ;^c26 ซม.
|
| 650 4 ^aสถิติ
|
| 650 4 ^aคณิตศาสตรสิถิติ
|
| 650 4 ^aความน่าจะเป็น
|
| 710 2 ^aสถาบันเทคโนโลยีพระจอมเกล้าเจ้าคุณทหารลาดกระบัง.^bคณะวิทยาศาสตร์.^bภาควิชาสถิติ
|
| 945 ^p220^l0^i027373
|
| 945 ^p220^l0^i027374
|
| 945 ^p220^l0^i027375 |
| 999 ^a57066
|
| คุณยังไม่ได้ล็อกอิน คุณสามารถมีกิจกรรมร่วมกับเว็บไซต์ได้ แต่ต้องล็อกอินก่อน :: |
|
|
|
| ลำดับที่ |
ประเภท |
เลขเรียก/บาร์โค้ด |
สถานที่ |
สถานะ |
| 1. |
 หนังสือ | QA276 ส657ส 2560 ฉ.1 Barcode: 027373 | หนังสือทั่วไป | ถูกยืม กำหนดส่งวันที่ 24 มิถุนายน 2569
จอง |
| Note:งบประมาณปี 2562 |
| 2. |
 หนังสือ | QA276 ส657ส 2560 ฉ.2 Barcode: 027374 | หนังสือทั่วไป | บนชั้น ขอยืม |
| Note:งบประมาณปี 2562 |
| 3. |
 หนังสือ | QA276 ส657ส 2560 ฉ.3 Barcode: 027375 | หนังสือทั่วไป | บนชั้น ขอยืม |
| Note:งบประมาณปี 2562 |
รายการใกล้เคียง
หัวเรื่อง [สถิติ] หัวเรื่อง [ความน่าจะเป็น]
|
|
ยังไม่เคยถูกคอมเมนท์
|
| คอมเมนท์ทรัพยากรรายการนี้ |
|